| 000 | 02184nam a22004574a 4500 | ||
|---|---|---|---|
| 001 | ebr10214183 | ||
| 003 | CaPaEBR | ||
| 006 | m u | ||
| 007 | cr cn||||||||| | ||
| 008 | 060328s2006 nju sb s001 0 eng | ||
| 010 | _z 2006010512 | ||
| 020 | _z0813538955 (hardcover : alk. paper) | ||
| 020 | _z9780813538952 (hardcover : alk. paper) | ||
| 020 | _z0813538963 (pbk. : alk. paper) | ||
| 020 | _z9780813538969 (pbk. : alk. paper) | ||
| 040 |
_aCaPaEBR _cCaPaEBR |
||
| 035 | _a(OCoLC)191681851 | ||
| 043 | _an-us--- | ||
| 050 | 1 | 4 |
_aHV6431 _b.W444 2006eb |
| 082 | 0 | 4 |
_a973.931 _222 |
| 100 | 1 |
_aWelch, Michael, _cPh. D. |
|
| 245 | 1 | 0 |
_aScapegoats of September 11th _h[electronic resource] : _bhate crimes & state crimes in the war on terror / _cMichael Welch. |
| 260 |
_aNew Brunswick, N.J. : _bRutgers University Press, _cc2006. |
||
| 300 | _ax, 222 p. | ||
| 490 | 1 | _aCritical issues in crime and society | |
| 504 | _aIncludes bibliographical references (p. 193-218) and index. | ||
| 505 | 0 | _aTalking about terror -- Seeking a safer society -- Scapegoating and social insecurity -- Crusading against terror -- Hate crimes as backlash violence -- Profiling and detention in post-9/11 America -- State crimes in the war on terror -- Claiming effectiveness -- Assaulting civil liberties -- Culture of denial. | |
| 533 |
_aElectronic reproduction. _bPalo Alto, Calif. : _cebrary, _d2013. _nAvailable via World Wide Web. _nAccess may be limited to ebrary affiliated libraries. |
||
| 650 | 0 |
_aWar on Terrorism, 2001-2009 _xMoral and ethical aspects. |
|
| 650 | 0 |
_aSeptember 11 Terrorist Attacks, 2001 _xInfluence. |
|
| 650 | 0 |
_aHate crimes _zUnited States. |
|
| 650 | 0 |
_aArab Americans _xCrimes against _zUnited States. |
|
| 650 | 0 |
_aIslamophobia _zUnited States. |
|
| 650 | 0 |
_aPrejudices _zUnited States. |
|
| 650 | 0 |
_aCivil rights _zUnited States. |
|
| 651 | 0 |
_aUnited States _xRace relations. |
|
| 655 | 7 |
_aElectronic books. _2local |
|
| 710 | 2 | _aebrary, Inc. | |
| 830 | 0 | _aCritical issues in crime and society. | |
| 856 | 4 | 0 |
_uhttp://site.ebrary.com/lib/rucke/Doc?id=10214183 _zAn electronic book accessible through the World Wide Web; click to view |
| 999 |
_c126651 _d126651 |
||